000 00442nam a2200169Ia 4500
003 OSt
005 20260307100156.0
008 211028s2010 xx 000 0 und d
040 _cAIMIT LIBRARY
041 _aeng
100 _aD, Deepthi; Ruban.
_g71724
_93179
110 _aAvita Menezes.
_93180
245 _aHuman resource management system /
260 _aMangalore
_c2010
710 _aVincrews It Solutions
_93181
942 _2ddc
_cPRO
999 _c217145
_d217145